000 00208 a2200109 4500
020 _a0590130676
041 _aspa
100 _aCarle, Eric
245 _aLa Mariquita Malhumorada
942 _cBK
952 _72
999 _c17524
_d17524